On This Day: August 25th II Quiz Stats

 Plays Quiz Updated Aug 25, 2018

Score 0/7 Timer 03:00
0 Plays Today
Question Answer Wrong Answers
The British Royal Air Force bombs the capital city of ______, the first of what will be 363 air raids during the Second World War.
1940
Berlin
90.1%
Munich
4%
Vienna
1.8%
Warsaw
4.1%
This American director and producer, known for films like ‘Beetlejuice’ and ‘Edward Scissorhands’, is born.
1958
Tim Burton
88.5%
Christopher Nolan
2.3%
Johnny Depp
3.9%
Quentin Tarantino
5.2%
At the Troubadour in Los Angeles, this English singer and pianist makes his first US appearance.
1970
Elton John
86.7%
Billy Joel
7.4%
Rod Stewart
2.7%
Eric Clapton
2.3%
The 1960 Summer Olympics open in ______.
1960
Rome
69.3%
Berlin
6.8%
Barcelona
11%
Athens
12.3%
This debut album by Lauryn Hill is released. It ultimately wins five Grammy Awards and is named Billboard Album of the Year.
1998
The Miseducation of Lauryn Hill
69.2%
The Score
5.6%
Can't Take My Eyes Off of You
13.2%
Lauren
10.6%
This American R&B singer and actress is killed along with several members of her record company after their overloaded aircraft crashes shortly after takeoff.
2001
Aaliyah
60.9%
Lisa ‘Left Eye’ Lopes
10.9%
Ashanti
8.6%
Selena
18.1%
This landlocked country in Eastern Europe gains its independence from the Soviet Union.
1991
Belarus
58.5%
Estonia
16.7%
Croatia
12.2%
Bulgaria
11.5%

You're not logged in!

Compare scores with friends on all Sporcle quizzes.
OR
Log In

Sporcle TV

Today on Sporcle TV


Watch our educational content, quiz creation guides, and fun videos on Sporcle TV.

Show Comments

Extras

Top Quizzes Today


Score Distribution

Your Account Isn't Verified!

In order to create a playlist on Sporcle, you need to verify the email address you used during registration. Go to your Sporcle Settings to finish the process.

Report this User

Report this user for behavior that violates our Community Guidelines.

Details: